000 00300nam a2200133Ia 4500
100 _aGarmus/ David/ Herron/ D
942 _cBK
654 _acomputer
245 _aMeasuring the Software process
260 _bYourdon Press
_c1996
082 _a5.14
_bGAR/HER
546 _aENGLISH
999 _c29462
_d29462